[Event "London Classic Open 2016"]
[Site "London ENG"]
[Date "2016.12.15"]
[Round "8.8"]
[White "Smirin, Ilia"]
[Black "Bellahcene, Bilel"]
[Result "1-0"]
[WhiteTitle "GM"]
[BlackTitle "IM"]
[WhiteElo "2669"]
[BlackElo "2496"]
[WhiteFideId "2801990"]
[BlackFideId "696358"]
[EventDate "2016.12.09"]

1. e4 c5 2. Nf3 d6 3. d4 cxd4 4. Nxd4 Nf6 5. Nc3 a6 6. Be2 e5 7. Nb3 Be7 8. O-O
O-O 9. Qd3 Be6 10. Nd5 Bxd5 11. exd5 Nbd7 12. a4 a5 13. Be3 Ne8 14. Qb5 b6 15.
Nd2 Nc7 16. Bxb6 Nxb6 17. Qxb6 Nxd5 18. Qxd8 Raxd8 19. Nb3 Rc8 20. c3 Nf4 21.
Bb5 Bd8 22. Rfd1 Bc7 23. g3 Ng6 24. c4 Rfd8 25. Rd3 Nf8 26. Rd5 Ne6 27. Ba6 Rb8
28. Rb5 Bb6 29. Nxa5 Nd4 30. b4 Kf8 31. Nb7 Nxb5 32. Nxd8 Na7 33. Nb7 Bd4 34.
Rb1 Ke7 35. b5 Kd7 36. Na5 Bc3 37. Nb3 Bb4 38. a5 Ke6 39. Nd4+ exd4 40. Rxb4 Nc6
41. bxc6 1-0

[Event "London Classic Open 2016"]
[Site "London ENG"]
[Date "2016.12.15"]
[Round "8.9"]
[White "Fodor, Tamas Jr."]
[Black "Iturrizaga Bonelli, Eduardo"]
[Result "0-1"]
[WhiteTitle "GM"]
[BlackTitle "GM"]
[WhiteElo "2494"]
[BlackElo "2652"]
[WhiteFideId "723762"]
[BlackFideId "3901211"]
[EventDate "2016.12.09"]

1. d4 Nf6 2. c4 e6 3. Nc3 Bb4 4. Qc2 c5 5. dxc5 O-O 6. a3 Bxc5 7. Nf3 Qb6 8. e3
Be7 9. Bd3 d6 10. O-O Nbd7 11. b4 a6 12. Bb2 Qc7 13. Rac1 b6 14. Ne4 h6 15.
Nxf6+ Nxf6 16. Nd2 Bb7 17. Ne4 Nxe4 18. Bxe4 Rac8 19. Rfd1 Rfd8 20. Bxb7 Qxb7
21. Qe2 Rc7 22. Rd2 Rdc8 23. Rdc2 Qc6 24. h3 Qa4 25. Qg4 Bf8 26. Qd4 Rc6 27. Qd3
d5 28. Rc3 Rxc4 29. Rxc4 dxc4 30. Rxc4 Rxc4 31. Qxc4 a5 32. Qa6 Qd1+ 33. Kh2
axb4 34. axb4 Qd6+ 35. f4 Qxb4 36. Bd4 b5 37. Qc6 Qb3 38. Qe8 Qb4 39. Kh1 Qc4
40. Be5 Qc5 41. Bd4 Qc1+ 42. Kh2 b4 43. Qb8 Qc6 44. Be5 f6 45. Bd4 Kf7 46. Qa7+
Be7 47. Qa5 Qd5 48. Qc7 g5 49. g3 Qe4 50. Qb8 Qf3 51. Qh8 Qf2+ 52. Kh1 Qxg3 53.
Qxh6 gxf4 54. Qh7+ Qg7 55. Qh5+ Qg6 0-1

[Event "London Classic Open 2016"]
[Site "London ENG"]
[Date "2016.12.15"]
[Round "8.10"]
[White "Cornette, Matthieu"]
[Black "Hector, Jonny"]
[Result "0-1"]
[WhiteTitle "GM"]
[BlackTitle "GM"]
[WhiteElo "2597"]
[BlackElo "2488"]
[WhiteFideId "620084"]
[BlackFideId "1700090"]
[EventDate "2016.12.09"]

1. e4 e5 2. Nf3 Nc6 3. Bc4 Nf6 4. d3 Bc5 5. O-O O-O 6. a4 d6 7. c3 a5 8. Bg5 h6
9. Bh4 g5 10. Bg3 Bg4 11. h3 Bh5 12. Nbd2 Bg6 13. Bb3 Nh5 14. Bh2 Qf6 15. Nc4
Nf4 16. Ne3 Ba7 17. Bxf4 exf4 18. Nd5 Qd8 19. d4 Bxe4 20. Nd2 Bg6 21. g3 Ne7 22.
Nf6+ Kg7 23. Nh5+ Bxh5 24. Qxh5 Ng6 25. Nf3 Qd7 26. g4 Rae8 27. h4 Re2 28. hxg5
Rh8 29. Rfe1 Rxb2 30. Bd5 Rc2 31. Ra3 hxg5 32. Qxg5 f6 33. Qf5 Qxf5 34. gxf5 Ne5
35. Rb3 Nxf3+ 36. Bxf3 Rh3 37. Be4 Rcxc3 38. Rxb7 Bxd4 39. Bg2 Rhd3 40. Re7+ Kh6
41. Rb8 d5 42. Rh8+ Kg5 43. Rg7+ Kxf5 44. Rh5+ Ke6 45. Bxd5+ Kd6 46. Be4 Rd2 47.
Rd5+ Ke6 48. Rgd7 Bxf2+ 49. Kf1 Rxd5 50. Rxd5 Bb6 0-1

[Event "London Classic Open 2016"]
[Site "London ENG"]
[Date "2016.12.15"]
[Round "8.11"]
[White "Deepan, Chakkravarthy J."]
[Black "Moussard, Jules"]
[Result "1/2-1/2"]
[WhiteTitle "GM"]
[BlackTitle "GM"]
[WhiteElo "2471"]
[BlackElo "2571"]
[WhiteFideId "5011132"]
[BlackFideId "642908"]
[EventDate "2016.12.09"]

1. d4 Nf6 2. c4 g6 3. Nc3 Bg7 4. Nf3 O-O 5. g3 d5 6. cxd5 Nxd5 7. Bg2 c5 8. O-O
Nxc3 9. bxc3 Nc6 10. e3 Qa5 11. Qb3 Be6 12. Qxb7 Rfc8 13. Qb2 Rab8 14. Qa3 Qb5
15. Nd2 Bc4 16. Rb1 Qxb1 17. Nxb1 Bxf1 18. Kxf1 Rxb1 19. Be4 Rbb8 20. Qa6 cxd4
21. Bxc6 dxc3 22. Ba4 c2 23. Bb3 Rc7 24. Ke2 Bf6 25. h4 h5 26. Qd3 Kg7 27. e4 e6
28. Qe3 Rb5 29. Qh6+ Kg8 30. Qf4 Be5 31. Qd2 Rbc5 32. Kf1 Bf6 33. Kg2 Rc8 34.
Qd7 R5c7 35. Qa4 Rd8 36. Qa5 Rdc8 37. Qa4 Kh7 38. Qb5 Bg7 39. Qd3 Bf6 40. Qb5
Bg7 41. Qg5 Rd7 42. g4 Rd1 43. gxh5 Rxc1 44. Qxc1 Bb2 45. hxg6+ fxg6 46. Qxc2
Rxc2 47. Bxc2 e5 48. Kf3 1/2-1/2

[Event "London Classic Open 2016"]
[Site "London ENG"]
[Date "2016.12.15"]
[Round "8.12"]
[White "Bogner, Sebastian"]
[Black "Bellaiche, Anthony"]
[Result "1-0"]
[WhiteTitle "GM"]
[BlackTitle "IM"]
[WhiteElo "2564"]
[BlackElo "2472"]
[WhiteFideId "4692055"]
[BlackFideId "615668"]
[EventDate "2016.12.09"]

1. e4 c5 2. Nf3 e6 3. d4 cxd4 4. Nxd4 Nc6 5. Nc3 Qc7 6. Be3 a6 7. Qf3 Nf6 8.
O-O-O d6 9. Nxc6 Qxc6 10. Be2 Be7 11. Qg3 O-O 12. e5 dxe5 13. Qxe5 Bd7 14. Bf3
Qc8 15. Rd4 Bc5 16. Rf4 Bxe3+ 17. fxe3 Qb8 18. Qxb8 Raxb8 19. Rd1 Rfd8 20. Rfd4
Kf8 21. Na4 e5 22. Rd6 e4 23. Bxe4 Re8 24. Nc5 Bg4 25. Bf3 Bxf3 26. gxf3 Rbc8
27. Nxb7 Rxe3 28. Rxa6 Re2 29. Rd8+ Rxd8 30. Nxd8 Nd5 31. Nc6 Ke8 32. Ra5 Kd7
33. Nd4 1-0

[Event "London Classic Open 2016"]
[Site "London ENG"]
[Date "2016.12.15"]
[Round "8.13"]
[White "Karthikeyan, P."]
[Black "Shabalov, Alexander"]
[Result "1/2-1/2"]
[WhiteTitle "IM"]
[BlackTitle "GM"]
[WhiteElo "2474"]
[BlackElo "2563"]
[WhiteFideId "5018226"]
[BlackFideId "2008572"]
[EventDate "2016.12.09"]

1. d4 d6 2. e4 g6 3. Nc3 Bg7 4. Be3 c6 5. Qd2 b5 6. h4 h5 7. f3 Qa5 8. g3 Nd7 9.
Nh3 Ngf6 10. Ng5 O-O 11. Bg2 e5 12. O-O Bb7 13. Rfd1 Qc7 14. a4 a6 15. axb5 axb5
16. Rxa8 Rxa8 17. dxe5 dxe5 18. Bh3 Bc8 19. f4 exf4 20. Bxf4 Qa7+ 21. Be3 Qc7
22. Bf4 Qa7+ 23. Be3 1/2-1/2

[Event "London Classic Open 2016"]
[Site "London ENG"]
[Date "2016.12.15"]
[Round "8.14"]
[White "Svane, Rasmus"]
[Black "Nasuta, Grzegorz"]
[Result "1-0"]
[WhiteTitle "GM"]
[BlackTitle "IM"]
[WhiteElo "2555"]
[BlackElo "2448"]
[WhiteFideId "4657101"]
[BlackFideId "1141686"]
[EventDate "2016.12.09"]

1. Nf3 c5 2. c4 Nc6 3. Nc3 g6 4. e3 Nf6 5. d4 cxd4 6. exd4 d5 7. cxd5 Nxd5 8.
Qb3 e6 9. Bb5 Bg7 10. O-O O-O 11. Bxc6 bxc6 12. Na4 Qc7 13. Bd2 Rb8 14. Qa3 Rb5
15. Rac1 Rd8 16. Rfe1 Nb6 17. Nc5 Nd7 18. Ne4 c5 19. Bg5 f6 20. Bh4 Ra5 21. Qb3
Qb6 22. dxc5 Qxb3 23. axb3 g5 24. Bg3 e5 25. Red1 Rf8 26. b4 Ra4 27. Nd6 Nb8 28.
c6 Be6 29. b5 Rb4 30. Ne1 Bb3 31. Nc2 1-0

[Event "London Classic Open 2016"]
[Site "London ENG"]
[Date "2016.12.15"]
[Round "8.15"]
[White "Bates, Richard A"]
[Black "Libiszewski, Fabien"]
[Result "1/2-1/2"]
[WhiteTitle "IM"]
[BlackTitle "GM"]
[WhiteElo "2347"]
[BlackElo "2547"]
[WhiteFideId "403555"]
[BlackFideId "616834"]
[EventDate "2016.12.09"]

1. d4 Nf6 2. Nf3 b6 3. c4 Bb7 4. Nc3 d5 5. cxd5 Nxd5 6. Qa4+ c6 7. e4 Nxc3 8.
bxc3 e6 9. Be2 Be7 10. O-O O-O 11. Bf4 c5 12. Rad1 cxd4 13. Nxd4 Qc8 14. Nb5 Na6
15. Nd6 Bxd6 16. Bxd6 Nc5 17. Qa3 Rd8 18. f3 Qc6 19. Bxc5 Qxc5+ 20. Qxc5 bxc5 1/2-1/2

[Event "London Classic Open 2016"]
[Site "London ENG"]
[Date "2016.12.15"]
[Round "8.16"]
[White "Sadzikowski, Daniel"]
[Black "Flear, Glenn C"]
[Result "1/2-1/2"]
[WhiteTitle "IM"]
[BlackTitle "GM"]
[WhiteElo "2547"]
[BlackElo "2428"]
[WhiteFideId "1132253"]
[BlackFideId "400165"]
[EventDate "2016.12.09"]

1. e4 e5 2. Nf3 Nc6 3. Bb5 a6 4. Ba4 Nf6 5. O-O Be7 6. Re1 b5 7. Bb3 d6 8. c3
O-O 9. h3 Na5 10. Bc2 c5 11. d4 Qc7 12. d5 Bd7 13. b3 Nb7 14. Nbd2 Ne8 15. Nf1
g6 16. g4 Ng7 17. Bh6 f6 18. Ng3 Nd8 19. Qd2 Nf7 20. Be3 Rfb8 21. Qe2 Rc8 22.
Kh2 c4 23. b4 a5 24. a3 Ra6 25. Nd2 Rca8 26. Rac1 axb4 27. axb4 Ra2 28. Bb1 R2a3
29. Rf1 Rf8 30. f4 exf4 31. Bxf4 Ne5 32. Nf3 Qb8 33. Be3 Qe8 34. Qb2 Qa8 35. Qd2
Qe8 36. Rf2 Ra8 37. Rcf1 Qd8 38. Ne2 Qc7 39. Ned4 Rae8 40. Bc2 Qb7 41. Bh6 Qc8
42. Rg2 Rf7 43. Kh1 Ref8 44. Rg3 Bd8 45. Qg2 Kh8 46. Rg1 Bb6 47. Nh4 Rg8 48. Qf2
Qe8 49. R3g2 Qc8 50. Bd2 Rff8 51. Qe3 Bd8 52. Qe1 Be7 53. Ndf3 Rf7 54. Qe3 Ne8
55. Ra1 Bd8 56. Qf2 Rgf8 57. Bh6 Ng7 58. Rag1 Qb7 59. Nd4 Bb6 60. Qg3 Ra8 61.
Bc1 Raf8 62. Rf1 Re8 63. Qe3 Kg8 64. Qh6 Rff8 65. Qd2 Rf7 66. Kh2 Rff8 67. Nhf3
Bd8 68. Qf4 Qc8 69. Be3 Be7 70. Rfg1 Kh8 71. Qg3 Rf7 72. Qf2 Ref8 73. Bh6 Qe8
74. Rg3 Bd8 75. h4 Bb6 76. Qg2 Qc8 77. Bb1 Re8 78. Bc2 Nd3 79. Qe2 Ne5 80. Qg2
Nd3 81. Qe2 Ne5 82. Qg2 1/2-1/2

[Event "London Classic Open 2016"]
[Site "London ENG"]
[Date "2016.12.15"]
[Round "8.17"]
[White "Elsness, Frode"]
[Black "Ehlvest, Jaan"]
[Result "1-0"]
[WhiteTitle "IM"]
[BlackTitle "GM"]
[WhiteElo "2452"]
[BlackElo "2532"]
[WhiteFideId "1501100"]
[BlackFideId "4500016"]
[EventDate "2016.12.09"]

1. d4 Nf6 2. c4 e6 3. Nf3 Bb4+ 4. Nbd2 O-O 5. a3 Be7 6. e4 d6 7. Be2 Nbd7 8. Qc2
e5 9. Nb1 c6 10. Nc3 a6 11. O-O b5 12. Rd1 Qc7 13. Be3 Ng4 14. Bc1 bxc4 15. Bxc4
exd4 16. Rxd4 Bf6 17. Rd1 Rb8 18. Bf4 Nde5 19. Nxe5 Nxe5 20. Bf1 Qe7 21. b4 g5
22. Bg3 h5 23. f3 h4 24. Bf2 g4 25. f4 g3 26. hxg3 hxg3 27. Bxg3 Ng4 28. Rd3 a5
29. e5 dxe5 30. fxe5 Bxe5 31. Re1 Qa7+ 32. Kh1 f6 33. Bxe5 fxe5 34. Ne4 Bf5 35.
Rg3 Qh7+ 36. Rh3 Qg6 37. Kg1 axb4 38. axb4 Rxb4 39. Bd3 Kg7 40. Rg3 Qh6 41.
Rxg4+ Bxg4 42. Qc5 Rxe4 43. Rxe4 Bf5 44. Qxe5+ Qf6 45. Qg3+ Bg6 46. Ra4 1-0

[Event "London Classic Open 2016"]
[Site "London ENG"]
[Date "2016.12.15"]
[Round "8.18"]
[White "Handke, Florian"]
[Black "Sowray, Peter J"]
[Result "1-0"]
[WhiteTitle "GM"]
[BlackTitle "FM"]
[WhiteElo "2515"]
[BlackElo "2307"]
[WhiteFideId "4634527"]
[BlackFideId "400971"]
[EventDate "2016.12.09"]

1. e4 g6 2. d4 d6 3. Nf3 Nf6 4. Bd3 Bg7 5. O-O O-O 6. Re1 Nc6 7. d5 Nb8 8. c4
Bg4 9. Nbd2 Na6 10. h3 Nc5 11. Bc2 Bxf3 12. Nxf3 e6 13. Bg5 h6 14. Bh4 g5 15.
Bg3 Nh5 16. Bh2 Bxb2 17. Rb1 Bc3 18. Re3 Bg7 19. e5 Nf4 20. Qd4 Nd7 21. Bxf4
gxf4 22. Qxf4 dxe5 23. Qg3 exd5 24. cxd5 Re8 25. Nh4 Nc5 26. Nf5 Qg5 27. h4 Qf6
28. Qg4 Kh8 29. Rg3 Rg8 30. Rb5 b6 31. Rxc5 bxc5 32. Qe4 Bf8 33. Ne7 Rg6 34.
Nxg6+ fxg6 35. d6 Re8 36. Rxg6 Qf7 37. Bb3 1-0

[Event "London Classic Open 2016"]
[Site "London ENG"]
[Date "2016.12.15"]
[Round "8.19"]
[White "Zujev, Oleg"]
[Black "Fressinet, Laurent"]
[Result "1/2-1/2"]
[BlackTitle "GM"]
[WhiteElo "2340"]
[BlackElo "2672"]
[WhiteFideId "12801585"]
[BlackFideId "608742"]
[EventDate "2016.12.09"]

1. d4 Nf6 2. c4 e6 3. Nc3 Bb4 4. e3 c5 5. Ne2 cxd4 6. exd4 d5 7. a3 Be7 8. Nf4
dxc4 9. Bxc4 O-O 10. O-O Nc6 11. d5 Ne5 12. Ba2 exd5 13. Ncxd5 Bd6 14. h3 Bf5
15. Be3 Re8 16. Nxf6+ Qxf6 17. Qh5 Nc6 18. Nd5 Qg6 19. Qxg6 hxg6 20. Rad1 Be5
21. Rd2 Rac8 22. Rfd1 b6 23. b4 Kf8 24. Bb3 Red8 25. f4 Bb8 26. g4 Be6 27. Ba4
Ne7 28. Nxe7 Kxe7 29. Rxd8 Rxd8 30. Rxd8 Kxd8 31. Bc6 Bd6 32. Bd2 Kc7 33. Bf3
Be7 34. Bc3 f6 1/2-1/2

[Event "London Classic Open 2016"]
[Site "London ENG"]
[Date "2016.12.15"]
[Round "8.20"]
[White "Hawkins, Jonathan"]
[Black "Warakomska, Anna"]
[Result "1-0"]
[WhiteTitle "GM"]
[BlackTitle "WIM"]
[WhiteElo "2590"]
[BlackElo "2348"]
[WhiteFideId "412686"]
[BlackFideId "1130790"]
[EventDate "2016.12.09"]

1. d4 d5 2. c4 c6 3. Nf3 Nf6 4. Nc3 dxc4 5. a4 Bf5 6. Ne5 Nbd7 7. Nxc4 Nb6 8.
Ne5 a5 9. h4 e6 10. f3 h6 11. e4 Bh7 12. Be3 Nfd7 13. Nd3 Bd6 14. Bf2 O-O 15.
Qb3 Rc8 16. Nc5 Qc7 17. O-O-O e5 18. Nxd7 Nxd7 19. dxe5 Bxe5 20. Kb1 Kh8 21. g4
Bg8 22. g5 f6 23. Bc4 Bxc4 24. Qxc4 Bf4 25. Qe6 Ne5 26. gxh6 Bxh6 27. Bc5 Rfe8
28. Qf5 Rcd8 29. Bd4 Nc4 30. Qh5 Re6 31. Ne2 Red6 32. Kc2 b6 33. Kc3 c5 34. Bxf6
Rxf6 35. Kxc4 Rfd6 36. Rd5 Qd7 37. Nc3 Kg8 38. Rxd6 Qxd6 39. Qd5+ Kf8 40. Qxd6+
Rxd6 41. Nd5 Kf7 42. Rd1 g6 43. Rd3 Bg7 44. Rb3 Bf6 45. Nxb6 1-0

[Event "London Classic Open 2016"]
[Site "London ENG"]
[Date "2016.12.15"]
[Round "8.21"]
[White "Adair, James R"]
[Black "Franklin, Samuel G A"]
[Result "1-0"]
[WhiteTitle "IM"]
[BlackTitle "FM"]
[WhiteElo "2489"]
[BlackElo "2310"]
[WhiteFideId "406252"]
[BlackFideId "468576"]
[EventDate "2016.12.09"]

1. e4 e5 2. Nf3 Nc6 3. Bb5 a6 4. Ba4 Nf6 5. O-O Be7 6. Re1 b5 7. Bb3 d6 8. c3
O-O 9. h3 Nb8 10. d4 Nbd7 11. Nbd2 Bb7 12. Bc2 Re8 13. a4 Bf8 14. Bd3 c6 15. b3
g6 16. Bb2 Nh5 17. Bf1 Rc8 18. axb5 cxb5 19. d5 Be7 20. b4 Nb6 21. Nb3 Na4 22.
Rxa4 bxa4 23. Na5 a3 24. Nxb7 Qb6 25. Bxa3 Qxb7 26. Qa4 Ra8 27. Nd2 Qa7 28. Nc4
Ng3 29. Bd3 f5 30. exf5 e4 31. Bb1 gxf5 32. Na5 Bf6 33. Nc6 Qb6 34. c4 e3 35.
fxg3 e2+ 36. c5 dxc5 37. bxc5 Bc3 38. cxb6 Bxe1 39. Ne7+ Rxe7 40. Bxe7 Bc3 41.
d6 e1=Q+ 42. Kh2 Be5 43. Qb3+ Kh8 44. b7 Rb8 45. Bxf5 Bd4 46. Bf6+ Bxf6 47. Qf7
Bg7 48. Qc7 Qe8 49. Bc8 Qg8 50. d7 1-0

[Event "London Classic Open 2016"]
[Site "London ENG"]
[Date "2016.12.15"]
[Round "8.22"]
[White "Tarhon, Brian"]
[Black "Zhou, Yang-Fan"]
[Result "0-1"]
[WhiteTitle "FM"]
[BlackTitle "IM"]
[WhiteElo "2299"]
[BlackElo "2470"]
[WhiteFideId "423190"]
[BlackFideId "468584"]
[EventDate "2016.12.09"]

1. e4 c5 2. Nf3 a6 3. c4 e6 4. Nc3 Qc7 5. a3 Nf6 6. d4 cxd4 7. Nxd4 b6 8. Be3
Bb7 9. f3 Be7 10. Be2 d6 11. O-O O-O 12. Rc1 Nbd7 13. b4 Rac8 14. Nb3 Qb8 15.
Qd2 Rfe8 16. Rfd1 h6 17. Bf1 Bc6 18. Qf2 Kh8 19. Be2 Bf8 20. Kh1 Be7 21. Kg1 Ba8
22. Qg3 Ne5 23. Na4 Bd8 24. Qf2 Ned7 25. Bf4 Bc7 26. Nc3 Bb7 27. Kh1 Rg8 28. h3
Rge8 29. g4 d5 30. Bxc7 Rxc7 31. cxd5 exd5 32. exd5 Rcc8 33. Bf1 Qe5 34. Qd4 Qg3
35. Qg1 Qxf3+ 36. Bg2 Qg3 37. Qd4 Re3 38. Ne4 Nxe4 39. Rxc8+ Bxc8 40. Bxe4 Qxh3+ 0-1

[Event "London Classic Open 2016"]
[Site "London ENG"]
[Date "2016.12.15"]
[Round "8.23"]
[White "Bartholomew, John"]
[Black "Paterek, Michal"]
[Result "1-0"]
[WhiteTitle "IM"]
[BlackTitle "FM"]
[WhiteElo "2448"]
[BlackElo "2311"]
[WhiteFideId "2019353"]
[BlackFideId "1116142"]
[EventDate "2016.12.09"]

1. d4 d5 2. c4 c6 3. cxd5 cxd5 4. Nf3 Nf6 5. Nc3 Nc6 6. Bf4 Ne4 7. e3 Nxc3 8.
bxc3 g6 9. Ne5 Bg7 10. Nxc6 bxc6 11. Qa4 Qd7 12. Be2 O-O 13. O-O Re8 14. Rab1 f6
15. Bg3 e5 16. Rfd1 Qc7 17. c4 Be6 18. Rbc1 Qd6 19. Qa6 Rad8 20. Bf3 Qd7 21. h3
e4 22. cxd5 Bxd5 23. Be2 f5 24. Bc4 Re6 25. Bxd5 cxd5 26. Qa5 a6 27. Rc7 Qe8 28.
Rb1 Rd7 29. Rbb7 Rxc7 30. Qxc7 Qf8 31. Be5 Rxe5 32. dxe5 f4 33. Rb8 1-0

[Event "London Classic Open 2016"]
[Site "London ENG"]
[Date "2016.12.15"]
[Round "8.24"]
[White "Arkell, Keith C"]
[Black "Mirzoyan, David"]
[Result "1/2-1/2"]
[WhiteTitle "GM"]
[BlackTitle "FM"]
[WhiteElo "2447"]
[BlackElo "2299"]
[WhiteFideId "400270"]
[BlackFideId "13308386"]
[EventDate "2016.12.09"]

1. d4 Nf6 2. Nf3 e6 3. c4 b6 4. a3 Bb7 5. Nc3 d5 6. Bg5 Be7 7. e3 O-O 8. Bxf6
Bxf6 9. cxd5 exd5 10. b4 c5 11. b5 Qe7 12. Be2 Nd7 13. O-O Rac8 14. Na4 g6 15.
Ra2 Bg7 16. Qb3 Rfe8 17. Rd1 Nf6 18. dxc5 bxc5 19. Nc3 d4 20. exd4 Bxf3 21. gxf3
Nh5 22. Ne4 cxd4 23. Bc4 Nf4 24. Rc2 Kh8 25. Bxf7 Rxc2 26. Bxe8 Rc7 27. Bc6 Qh4
28. Kh1 Be5 29. Ng3 Ne2 30. Qe6 Re7 31. Qg4 Nxg3+ 32. fxg3 Qxg4 33. fxg4 Bd6 34.
Rxd4 Bxa3 35. g5 Kg7 36. h4 Bc5 37. Rd5 Bb6 38. Kg2 Re2+ 39. Kh3 Rf2 40. Re5 Bc7
41. Re6 Bb6 42. Bd5 Bc5 43. Rc6 Bb6 44. Re6 Bc5 45. Kg4 Rf8 46. Rc6 Bb6 47. Re6
Bc5 48. Bc4 Rd8 49. Kf3 Rd4 50. Be2 Rd7 51. Re5 Bd4 52. Re8 Rf7+ 53. Kg4 Bc5 54.
Rd8 Bb6 55. Re8 Bc5 56. Bc4 Rf8 57. Re5 Bd6 58. Rd5 Rd8 59. Kf3 Bc7 60. Rc5 Bb6
61. Re5 Kf8 62. Re6 Rd7 63. g4 Rf7+ 64. Kg2 Rf4 65. Be2 Kf7 66. Re5 Bd4 67. Rd5
Ke6 68. Bc4 Bb6 69. Rd4+ Ke5 70. Rxf4 Kxf4 71. Kh3 Bd4 72. Bg8 h6 73. gxh6 g5
74. Bb3 Bf6 75. h5 Kf3 76. Bd1+ Kf2 77. h7 Be5 78. h6 Bd4 1/2-1/2

[Event "London Classic Open 2016"]
[Site "London ENG"]
[Date "2016.12.15"]
[Round "8.25"]
[White "Paszewski, Mateusz"]
[Black "Williams, Simon K"]
[Result "0-1"]
[BlackTitle "GM"]
[WhiteElo "2281"]
[BlackElo "2443"]
[WhiteFideId "1141058"]
[BlackFideId "404454"]
[EventDate "2016.12.09"]

1. e4 g6 2. d4 Bg7 3. Nc3 d6 4. Nf3 a6 5. a4 b6 6. Bd3 c5 7. Be3 Nc6 8. Bc4 cxd4
9. Nxd4 Na5 10. Bd5 Bb7 11. Bxb7 Nxb7 12. f3 Nf6 13. Nd5 e6 14. Nxf6+ Qxf6 15.
O-O O-O 16. c4 d5 17. cxd5 exd5 18. exd5 Qe5 19. Re1 Qxd5 20. Nb3 Qc6 21. Qe2
Rfe8 22. Qf2 Qd5 23. Nc1 Nc5 24. Ra3 Rac8 25. Kf1 Nxa4 26. Nd3 Qb5 27. Kg1 Nxb2
28. Nxb2 Qxb2 29. Rxa6 Rxe3 30. Rxe3 Rc1+ 0-1

[Event "London Classic Open 2016"]
[Site "London ENG"]
[Date "2016.12.15"]
[Round "8.26"]
[White "Cherniaev, Alexander"]
[Black "O'Toole, George E"]
[Result "1/2-1/2"]
[WhiteTitle "GM"]
[WhiteElo "2439"]
[BlackElo "2262"]
[WhiteFideId "4117301"]
[BlackFideId "412732"]
[EventDate "2016.12.09"]

1. d4 Nf6 2. c4 c5 3. d5 b5 4. cxb5 a6 5. bxa6 g6 6. Nc3 Bg7 7. e4 O-O 8. a7
Rxa7 9. Nf3 e6 10. Be2 exd5 11. exd5 d6 12. O-O Re8 13. Nd2 Ba6 14. Bxa6 Rxa6
15. Nc4 Nbd7 16. Qd3 Qa8 17. Bf4 Nb6 18. Nxd6 Rd8 19. Rad1 Nh5 20. Qf3 Bxc3 21.
bxc3 Nxd5 22. Be5 Ndf4 23. Nb7 Re8 24. Bxf4 Nxf4 25. Qxf4 Qxb7 26. Qc4 Ra5 27.
Rd2 Re4 28. Qd3 Raa4 29. h3 Kg7 30. Rb1 Qc7 31. Qf3 Qe5 32. Rc2 h5 33. g3 h4 34.
g4 Qe6 35. Rb7 Rf4 36. Qd3 Rxa2 37. Rxa2 Qxa2 38. Qe3 Rf6 39. Qxc5 Qa1+ 40. Kg2
Qa4 41. Qe5 Qc6+ 42. Kg1 Qxb7 43. g5 Qb1+ 44. Kh2 Qf5 45. gxf6+ Qxf6 46. Qxf6+
Kxf6 47. Kg2 Ke5 48. Kf3 Kd5 49. Kg4 f6 50. Kxh4 Kc4 51. f4 Kxc3 52. f5 g5+ 53.
Kg4 1/2-1/2

[Event "London Classic Open 2016"]
[Site "London ENG"]
[Date "2016.12.15"]
[Round "8.27"]
[White "Brooks, Phil J"]
[Black "Wells, Peter K"]
[Result "0-1"]
[BlackTitle "GM"]
[WhiteElo "2163"]
[BlackElo "2431"]
[WhiteFideId "405540"]
[BlackFideId "400327"]
[EventDate "2016.12.09"]

1. d4 Nf6 2. c4 e6 3. Nc3 Bb4 4. e3 O-O 5. a3 Bxc3+ 6. bxc3 c5 7. Bd3 Nc6 8. Ne2
b6 9. Ng3 Ba6 10. Qe2 Rc8 11. e4 cxd4 12. e5 Ne8 13. cxd4 Qh4 14. Ne4 Nxd4 15.
Qb2 Rxc4 16. Bg5 Qg4 17. f3 Nxf3+ 18. gxf3 Rxe4+ 19. Bxe4 Qxg5 20. Kf2 f5 21.
Bb1 Nc7 22. Ba2 Qh4+ 23. Kg2 Bb7 24. Qe2 Nb5 25. Qf2 Qg4+ 26. Kf1 Bxf3 27. Rg1
Qh3+ 28. Ke1 f4 29. Rc1 Bc6 30. a4 Nc3 31. Qd4 Nxa2 0-1

[Event "London Classic Open 2016"]
[Site "London ENG"]
[Date "2016.12.15"]
[Round "8.28"]
[White "Aradhya, Garg"]
[Black "Daulyte, Deimante"]
[Result "0-1"]
[BlackTitle "IM"]
[WhiteElo "2231"]
[BlackElo "2429"]
[WhiteFideId "25006746"]
[BlackFideId "12802859"]
[EventDate "2016.12.09"]

1. d4 Nf6 2. c4 e6 3. Nf3 d5 4. Nc3 Bb4 5. cxd5 exd5 6. Bg5 h6 7. Bh4 O-O 8. e3
Bf5 9. Rc1 Nbd7 10. Bd3 Bxd3 11. Qxd3 c6 12. O-O Qe7 13. Bxf6 Qxf6 14. Nxd5 cxd5
15. Qb5 Qd6 16. a3 Bxa3 17. bxa3 Rfb8 18. Rc3 a6 19. Qb3 b5 20. Qb4 Qxb4 21.
axb4 Rc8 22. Rfc1 Rc4 23. Ne1 Rxb4 24. Ra1 Rc4 25. Rb3 Nb6 26. Nd3 Kf8 27. Nc5
b4 28. Kf1 a5 29. Ke2 a4 30. Rb2 a3 31. Rb3 Rc2+ 32. Kd3 Rxf2 33. Rxb4 Nc4 34.
e4 Rxg2 35. exd5 Nd6 36. Rb6 Nc8 37. Rb7 Rxh2 38. Rf1 Nd6 39. Rd7 a2 40. Nb3 Ra3
41. Rxd6 Rxb3+ 0-1

[Event "London Classic Open 2016"]
[Site "London ENG"]
[Date "2016.12.15"]
[Round "8.29"]
[White "Battaglini, Gabriel"]
[Black "Ethelontis, Alexandros N"]
[Result "1-0"]
[WhiteTitle "IM"]
[WhiteElo "2426"]
[BlackElo "2133"]
[WhiteFideId "621650"]
[BlackFideId "405469"]
[EventDate "2016.12.09"]

1. d4 e6 2. c4 Nf6 3. Nc3 Bb4 4. f3 d5 5. a3 Bxc3+ 6. bxc3 c5 7. cxd5 Nxd5 8.
dxc5 Qa5 9. e4 Ne7 10. Be3 O-O 11. Kf2 Nbc6 12. Ne2 f5 13. Kg1 fxe4 14. fxe4 Ne5
15. h3 N7g6 16. Qd4 Bd7 17. Nf4 Qc7 18. Nxg6 hxg6 19. Qd6 Rac8 20. Qxc7 Rxc7 21.
Bd4 Nf7 22. e5 Nh6 23. g4 Nf7 24. Bg2 Ng5 25. Rf1 Bc6 26. Rxf8+ Kxf8 27. h4 Nf3+
28. Kf2 Rf7 29. Kg3 Nxd4 30. cxd4 Bxg2 31. Kxg2 Rc7 32. Kf3 Ke8 33. Ke4 Kd7 34.
h5 gxh5 35. gxh5 Kc6 36. h6 gxh6 37. Rxh6 Re7 38. Rxe6+ Rxe6 39. d5+ Kd7 40.
dxe6+ Kxe6 41. a4 Ke7 42. Kd5 Kd7 43. e6+ Kc7 44. Ke5 Kd8 45. Kd6 1-0